Quinn songs Glee Quiz Stats

 Plays Quiz not verified by Sporcle

Score 0/35 Timer 18:00
0 Plays Today
Episode Answer % Correct
DuetsLucky
84.7%
ShowmanceI Say A Little Prayer
83.9%
TheatricalityBad Romance
80.8%
The Rocky Horror Glee ShowTime Warp
80.1%
FurtMarry You
76.6%
The Power Of MadonnaExpress Yourself
74.3%
ThanksgivingHome
73.9%
Born This WayI Feel Pretty
73.2%
Prom-asaurusTake My Breath Away
73.2%
ThrowdownYou Keep Me Hangin' On
72.8%
MichaelNever Can Say Goodbye
72%
NationalsEdge Of Glory
71.3%
Hold On To SixteenControl
70.9%
HairographyPapa Don't Preach
70.5%
ThanksgivingCome See About Me
69.7%
100Toxic
69.7%
NakedLove Song
69.3%
Big BrotherI'm Still Standing
68.2%
Episode Answer % Correct
RumoursDon't Stop
67.8%
Hold On To SixteenWe Are Young
67.8%
FunkIt's A Man's Man's Man's World
67.4%
Big BrotherUp, Up, Up
67%
New DirectionsJust Give Me A Reason
65.9%
Grilled CheesusOne Of Us
65.1%
HeartCherish
65.1%
NationalsWe Are The Champions
63.2%
Mash OffI Can't Go For That
62.5%
HomecomingProblem
60.5%
Dance With SomebodySaving All My Love For You
59.8%
HeartStereo Hearts
59%
I DoWe've Got Tonight
59%
RumoursI Don't Want To Know
57.9%
SexyAfternoon Delight
55.2%
Special Education(I've Had) The Time Of My Life
49.4%
A Very Glee ChristmasThe Most Wonderful Day Of The Year
40.2%

You're not logged in!

Compare scores with friends on all Sporcle quizzes.
OR
Log In

Sporcle TV

Today on Sporcle TV


Watch our educational content, quiz creation guides, and fun videos on Sporcle TV.

Show Comments

Extras

Created Dec 6, 2014ReportNominate
Tags:glee

Top Quizzes Today


Score Distribution

Your Account Isn't Verified!

In order to create a playlist on Sporcle, you need to verify the email address you used during registration. Go to your Sporcle Settings to finish the process.

Report this User

Report this user for behavior that violates our Community Guidelines.

Details: